000 nam a22 7a 4500
999 _c8097
_d8097
008 171128b xxu||||| |||| 00| 0 eng d
100 _aGupta.K.
_94542
245 _aGreat Scientists
260 _aNew Delhi
_bS.O